NHL Western Conference Finals Losers - Statistics

General Stats
  • This quiz has been taken 71 times
    41 since last reset
  • The average score is 18 of 29
Answer Stats
Year Team % Correct
2024 Dallas Stars
100%
2023 Dallas Stars
97%
2022 Edmonton Oilers
97%
2017 Anaheim Ducks
83%
2019 San Jose Sharks
83%
2018 Winnipeg Jets
83%
2013 Los Angeles Kings
77%
2016 St. Louis Blues
77%
2020 Vegas Golden Knights
77%
2015 Anaheim Ducks
73%
2014 Chicago Blackhawks
73%
2012 Phoenix Coyotes
63%
2011 San Jose Sharks
63%
2009 Chicago Blackhawks
57%
2010 San Jose Sharks
53%
1999 Colorado Avalanche
50%
1997 Colorado Avalanche
50%
2008 Dallas Stars
50%
2007 Detroit Red Wings
50%
2002 Colorado Avalanche
47%
2000 Colorado Avalanche
47%
1998 Dallas Stars
47%
2003 Minnesota Wild
47%
1996 Detroit Red Wings
43%
2006 Mighty Ducks of Anaheim
43%
2001 St. Louis Blues
43%
1995 Chicago Blackhawks
40%
2004 San Jose Sharks
40%
1994 Toronto Maple Leafs
40%
No matching quizzes found
Score Distribution
Percent of People with Each Score
Percentile by Number Answered
Your Score History
You have not taken this quiz since the last reset